El voleibol: iniciación y perfeccionamiento

Պահպանված է:
Մատենագիտական մանրամասներ
Հիմնական հեղինակ: Lucas, Jeff (autor)
Ձևաչափ: Գիրք
Լեզու:իսպաներեն
Հրապարակվել է: Barcelona Paidotribo 2005
Հրատարակություն:7a. ed
Շարք:Colección Deporte
Խորագրեր:
Ցուցիչներ: Ավելացրեք ցուցիչ
Չկան պիտակներ, Եղեք առաջինը, ով նշում է այս գրառումը!

MARC

LEADER 00000nam a2200000 a 4500
001 UCG3320
003 CL-VaPUC
008 100819e20050000SP |||||||||||||||||spa|d
020 |a 8486475600 
082 0 4 |a 796.325  |b LUC  |2 21 
100 |a Lucas, Jeff  |e autor  |9 552353 
245 1 3 |a El voleibol: iniciación y perfeccionamiento 
250 |a 7a. ed 
300 |a 196 p 
942 |c BK 
945 |d 20100819 00:00:00  |a mfarfan 
260 |a Barcelona  |b Paidotribo  |c 2005 
650 0 |a Voleibol  |9 307522 
650 0 |a Actividad física  |9 362156 
650 7 |a ENTRENAMIENTO FISICO  |2 CL-VaPUC  |9 307393 
650 7 |a DEPORTE  |2 CL-VaPUC  |9 552354 
583 |a last modification  |c 20100819 00:00:00  |k Rodrigo Vera 
490 0 |a Colección Deporte 
999 |c 342390  |d 342388 
952 |0 0  |1 0  |4 0  |6 796_325000000000000_LUC_2005  |7 0  |8 C  |9 438554  |a BIBCUR  |b BIBCUR  |d 2019-11-22  |i 470892K  |o 796.325 LUC 2005  |p 470892K  |r 2025-04-22  |w 2019-11-22  |y BK  |k DEN